Score 0/40 Timer 04:00
0 Plays Today
Number Word % Correct
5-Letter Ladder✎ PRINT ✎
95.3%
5-Letter Ladder✎ PAPER ✎
87.3%
4-Letter LadderROLL
87.1%
5-Letter LadderSTINK
86.2%
4-Letter LadderROLE
86.1%
4-Letter LadderTOLL
83.4%
4-Letter LadderSHOP
82%
4-Letter LadderSHIP
79%
4-Letter LadderCHOP
77%
4-Letter LadderCOOP
76%
4-Letter LadderTOIL
75.9%
5-Letter LadderCOINS
74.4%
4-Letter LadderCOOL
74.3%
5-Letter LadderCAREY
73.7%
5-Letter LadderPAINT
73.6%
5-Letter LadderSTINT
73%
4-Letter LadderCOIL
72.8%
4-Letter LadderROPE
72.2%
4-Letter LadderCOPE
71.6%
5-Letter LadderSAINT
71%
Number Word % Correct
4-Letter LadderSKIN
69.3%
4-Letter Ladder✎ COPY ✎
67.7%
5-Letter LadderCORNS
66.3%
4-Letter LadderSPIN
66.3%
5-Letter LadderCARER
65.1%
5-Letter LadderCORNY
64.9%
4-Letter LadderSKIP
64.4%
4-Letter LadderCHOW
63.6%
4-Letter LadderSHOW
63.4%
5-Letter LadderCAPER
63.4%
5-Letter LadderCHICK
63%
5-Letter LadderSTOCK
62%
5-Letter LadderSHOCK
61.2%
5-Letter LadderSTICK
60.9%
5-Letter LadderCOREY
60.6%
4-Letter Ladder✎ SCAN ✎
60.1%
4-Letter LadderSPAN
54.5%
5-Letter LadderCHOCK
52.5%
5-Letter LadderCHINS
52.3%
5-Letter LadderCHINK
50.8%

Today's Daily Dose

Remove Ads.
Support Sporcle.
Get the best of Sporcle when you Go Orange. This ad-free experience offers more features, more stats, and more fun while also helping to support Sporcle. Thank you for becoming a member.

You're not logged in!

Compare scores with friends on all Sporcle quizzes.
OR
Log In

Show Comments

Extras

Top Quizzes Today


Score Distribution

Your Account Isn't Verified!

In order to create a playlist on Sporcle, you need to verify the email address you used during registration. Go to your Sporcle Settings to finish the process.

Report this User

Report this user for behavior that violates our Community Guidelines.

Details: